Foods beginning with G - Statistics

General Stats
  • This quiz has been taken 162 times
  • The average score is 7 of 8
Answer Stats
Picture Answer % Correct
Garlic
97%
Grapes
96%
Gingerbread
94%
Grapefruit
93%
Guacamole
92%
Green beans
83%
Gazpacho
65%
Greek yoghurt
41%
No matching quizzes found
Score Distribution
Percent of People with Each Score
Percentile by Number Answered
Your Score History
You have not taken this quiz